The Westminster dictionary of New Testament and early Christian literature and rhetoric / (Record no. 8821)

MARC details
000 -LEADER
fixed length control field 01131cam a22003014a 4500
001 - CONTROL NUMBER
control field 13148280
003 - CONTROL NUMBER IDENTIFIER
control field GBCCL
005 - DATE AND TIME OF LATEST TRANSACTION
control field 20241126110659.0
008 - FIXED-LENGTH DATA ELEMENTS--GENERAL INFORMATION
fixed length control field 030404s2003 kyua bd 000 0 eng
010 ## -
-- 2003050176
020 ## - INTERNATIONAL STANDARD BOOK NUMBER
International Standard Book Number 0664219179 (alk. paper)
040 ## - CATALOGING SOURCE
Original cataloging agency DLC
Transcribing agency DLC
Modifying agency DLC
042 ## -
-- pcc
050 00 -
-- BS2312
-- .A86 2003
082 00 - DEWEY DECIMAL CLASSIFICATION NUMBER
Classification number 270.103
Edition information 21
Item number AUN
100 1# - MAIN ENTRY--PERSONAL NAME
Personal name Aune, David E.
Fuller form of name (David Edward)
9 (RLIN) 15514
245 14 - TITLE STATEMENT
Title The Westminster dictionary of New Testament and early Christian literature and rhetoric /
Statement of responsibility, etc. David E. Aune.
246 30 -
-- New Testament and early Christian literature and rhetoric
250 ## - EDITION STATEMENT
Edition statement 1st ed.
260 ## - PUBLICATION, DISTRIBUTION, ETC.
Place of publication, distribution, etc. Louisville, Ky. :
Name of publisher, distributor, etc. Westminster John Knox Press,
Date of publication, distribution, etc. c2003.
300 ## - PHYSICAL DESCRIPTION
Extent xii, 595 p. :
Other physical details ill. ;
Dimensions 24 cm.
504 ## - BIBLIOGRAPHY, ETC. NOTE
Bibliography, etc. note Includes bibliographical references.
630 00 - SUBJECT ADDED ENTRY--UNIFORM TITLE
Uniform title Bible.
Name of part/section of a work New Testament
Form subdivision Dictionaries.
9 (RLIN) 15419
650 #0 - SUBJECT ADDED ENTRY--TOPICAL TERM
Topical term or geographic name entry element Christian literature, Early
Form subdivision Dictionaries.
9 (RLIN) 15515
906 ## - LOCAL DATA ELEMENT F, LDF (RLIN)
a 7
b cbc
c orignew
d 1
e ocip
f 20
g y-gencatlg
942 ## - ADDED ENTRY ELEMENTS (KOHA)
Source of classification or shelving scheme Dewey Decimal Classification
Koha item type Reference Books
Holdings
Withdrawn status Lost status Source of classification or shelving scheme Damaged status Not for loan Home library Current Library Shelving location Date acquired Total checkouts Full call number Barcode Date last seen Copy number Price effective from Koha item type
    Dewey Decimal Classification     GRACE BIBLE COLLEGE GRACE BIBLE COLLEGE Dictionary 2021-11-05   270.103 AUN 015275 2025-05-01 c.1 2021-11-05 Reference Books
© Grace Bible College Library 2025